书目信息 |
| 题名: |
饲料工业标准汇编
|
|
| 作者: | ;中国标准出版社 编 | |
| 分册: | 中册 | |
| 出版信息: | 北京 中国标准出版社 2017.01 |
|
| 页数: | 603页 | |
| 开本: | 30cm | |
| 丛书名: | ||
| 单 册: | ||
| 中图分类: | S816.1-65 , S816.1 | |
| 科图分类: | ||
| 主题词: | 饲料工业--标准--中国--汇编 | |
| 电子资源: | ||
| ISBN: | 978-7-5066-8508-5 | |
| 000 | 00857nam0 2200241 450 | |
| 001 | 1441 | |
| 005 | 20180929083046.75 | |
| 010 | @a978-7-5066-8508-5@dCNY200.00 | |
| 100 | @a20170427d2017 em y0chiy50 ea | |
| 101 | 0 | @achi |
| 102 | @aCN@b110000 | |
| 105 | @ay l 000yy | |
| 200 | 1 | @a饲料工业标准汇编@9si liao gong ye biao zhun hui bian@h中册@f中国标准出版社编 |
| 205 | @a5版 | |
| 210 | @a北京@c中国标准出版社@d2017.01 | |
| 215 | @a603页@d30cm | |
| 330 | @a本书为中册,共收录饲料工业标准72项,其中国家标准65项,行业标准7项,另有国内相关法律、法规和规章13项,其内容包括饲料添加剂标准以及国内相关法律、法规和规章两部分。 | |
| 606 | 0 | @a饲料工业@x标准@y中国@j汇编 |
| 690 | @aS816.1-65@v5 | |
| 690 | @aS816.1@v4 | |
| 711 | 02 | @a中国标准出版社@9zhong guo biao zhun chu ban she@4编 |
| 801 | 0 | @aCN@b91MARC@c20170427 |
| 905 | @aMuseLib@dS816.1@e155:2=5 | |
| 饲料工业标准汇编.中册/中国标准出版社编.-5版.-北京:中国标准出版社,2017.01 |
| 603页;30cm |
| ISBN 978-7-5066-8508-5:CNY200.00 |
| 本书为中册,共收录饲料工业标准72项,其中国家标准65项,行业标准7项,另有国内相关法律、法规和规章13项,其内容包括饲料添加剂标准以及国内相关法律、法规和规章两部分。 |
| ● |
| 相关链接 |
|
|
|
|
正题名:饲料工业标准汇编
索取号:S816.1/155:2=5
 
预约/预借
| 序号 | 登录号 | 条形码 | 馆藏地/架位号 | 状态 | 备注 |
| 1 | 1122661 | 211226617 | 第二样本阅览室/ [索取号:S816.1/155:2=5] | 在馆 | |
| 2 | 1122662 | 211226626 | 密集书库-生命科学系/ [索取号:S816.1/155:2=5] | 在馆 |